|
|
|
|
| LEADER |
00000nab#a22000007a#4500 |
| 001 |
arbauad023357 |
| 003 |
AR-BaUAD |
| 005 |
20250711111956.0 |
| 008 |
961108|||||||||###||||||b###|0###a|spa|| |
| 040 |
|
|
|a AR-BaUAD
|c AR-BaUAD
|b spa
|
| 245 |
|
|
|a HeiligenscheinDie Auf-und Ab-LeuchteMit Doppelgelenk /
|
| 300 |
0 |
|
|b fot.
|
| 500 |
|
|
|a Lámparas de mesa, de pie y de colgar.
|
| 653 |
|
|
|a PAISES BAJOS
|
| 653 |
|
|
|a SUECIA
|
| 653 |
|
|
|a ITALIA
|
| 653 |
|
|
|a OLUCE
|
| 653 |
|
|
|a BELUX
|
| 653 |
|
|
|a VAN NIEUWENBORG, FRANS
|
| 653 |
|
|
|a SCHÖPFER, RETO
|
| 653 |
|
|
|a LEESER, TILL
|
| 653 |
|
|
|a ARTEFACTOS
|
| 653 |
|
|
|a ILUMINACION
|
| 653 |
|
|
|a LAMPARAS
|
| 653 |
|
|
|a DISEÑO INDUSTRIAL
|
| 773 |
0 |
|
|t MD moebel design
|g no. 9 [1996], p. 69-72
|
| 942 |
|
|
|c ARTI
|
| 952 |
|
|
|0 0
|1 0
|4 0
|7 0
|9 68276
|a AR-BAuAD
|b AR-BAuAD
|d 2025-07-11
|l 0
|p AAQA023357
|r 2025-07-11 11:19:56
|w 2025-07-11
|y ARTI
|
| 990 |
|
|
|a DI199
|b TD
|
| 998 |
|
|
|a AAQ
|b BIBUN76
|
| 999 |
|
|
|c 47949
|d 47949
|